Vlastní doprava, nebo outsourcing?

Výrobné a obchodné firmy bežne využívajú výhody, ktoré prináša outsourcing dopravných služieb. Niektoré z nich si dopravu zabezpečujú vo vlastnej réžii. Výhody a nevýhody vlastnej dopravy. Hľadanie najefektívnejšej cesty. Príklady z praxe.

Na minha lista:
Detalhes bibliográficos
Autor principal: Toman, Pavel
Formato: Capítulo de Livro
Idioma:tcheco
Assuntos:
Tags: Adicionar Tag
Sem tags, seja o primeiro a adicionar uma tag!

MARC

LEADER 00000naa a2200000 4500
001 0246590
005 20180725092655.9
041 0 |a cze 
044 |a CZ 
245 1 0 |a Vlastní doprava, nebo outsourcing?  |c Pavel Toman 
520 |a Výrobné a obchodné firmy bežne využívajú výhody, ktoré prináša outsourcing dopravných služieb. Niektoré z nich si dopravu zabezpečujú vo vlastnej réžii. Výhody a nevýhody vlastnej dopravy. Hľadanie najefektívnejšej cesty. Príklady z praxe. 
610 2 0 |a doprava cestná nákladná 
610 2 0 |a preprava 
610 2 0 |a logistika distribučná 
610 2 0 |a outsourcing 
610 2 0 |a firmy 
610 2 0 |a spolupráca podnikov 
100 1 |a Toman, Pavel